000 00317nam a2200133Ia 4500
008 150731s2011 xx 000 0 und d
082 _a612
_bU 11 B
100 _aBIJLANI, R.L.
245 _aUNDERSTANDING MEDICAL PHYSIOLOGY
250 _a4 TH
260 _bJAPYE PUB. INDIA
_c2011
300 _a810
942 _2ddc
_cBK
999 _c7974
_d7974